50 Biggest Cities in Hokkaidō Region - Statistics

General Stats
  • This quiz has been taken 117 times
  • The average score is 29 of 50
Answer Stats
Rank Population Answer % Correct
1 1,975,065 Sapporo
100%
3 251,271 Hakodate
97%
2 329,513 Asahikawa
94%
9 111,422 Otaru
90%
6 165,230 Kushiro
87%
35 19,115 Kushiro
87%
21 33,584 Wakkanai
84%
8 115,608 Kitami
81%
5 166,690 Obihiro
79%
10 98,019 Chitose
78%
4 170,234 Tomakomai
78%
26 24,669 Nemuro
73%
30 21,156 Furano
72%
7 121,145 Ebetsu
69%
11 82,457 Muroran
67%
20 35,783 Abashiri
66%
15 56,934 Ishikari
66%
24 27,289 Nayoro
66%
32 20,123 Rumoi
66%
14 58,234 Kitahiroshima
63%
12 79,424 Iwamizawa
61%
19 39,533 Takikawa
60%
17 44,331 Hokuto
58%
39 17,872 Shibetsu
58%
29 21,224 Mombetsu
52%
31 20,430 Bibai
51%
13 70,378 Eniwa
51%
33 20,062 Fukagawa
51%
34 19,250 Engaru
49%
22 32,857 Date
48%
44 15,137 Kutchan
48%
42 15,921 Tōbetsu
48%
46 14,343 Mori
46%
16 46,447 Noboribetsu
45%
43 15,844 Yakumo
45%
27 23,023 Nakashibetsu
43%
40 16,506 Sunagawa
43%
50 11,443 Shari
42%
38 18,012 Yoichi
42%
41 16,225 Shiraoi
40%
18 43,613 Otofuke
39%
37 18,078 Memuro
37%
23 27,707 Nanae
37%
47 12,578 Ashibetsu
34%
45 14,382 Betsukai
33%
36 18,705 Bihoro
30%
25 25,778 Makubetsu
30%
28 21,522 Shinhidaka
30%
49 11,654 Iwanai
25%
48 12,083 Urakawa
25%
No matching quizzes found
Score Distribution
Percent of People with Each Score
Percentile by Number Answered
Your Score History
You have not taken this quiz